00501 2200193 4500001002100000005001500021008004100036020002200077035001900099041000700118082001600125090002200141100002200163245002500185250000900210260003100219300003200250650002500282INLIS00000000000474020210322161135210322||||||||| | ||| |||| || |  a978-979-010-173-9 0010-0321004740 aid0 a658:651.157 a658:651.157 FIR m0 aFIRDAUS, Muhammad00aManajemen Agribisnis aEd.1 aJakartabBumi Aksarac2015 axii, 222 hal.; ilus.; 23 cm 0aagribisnis pertanian